|
|
|
|
| LEADER |
00000nam0a2200000 4500 |
| 001 |
33746 |
| 005 |
20231030220036.0 |
| 035 |
|
|
|a (RuTPU)RU\TPU\book\34114
|
| 035 |
|
|
|a BOOK00000765
|
| 090 |
|
|
|a 33746
|
| 100 |
|
|
|a 20011210d1981 m y0rusy50 ca
|
| 101 |
0 |
|
|a rus
|
| 102 |
|
|
|a RU
|
| 105 |
|
|
|a a z 001zy
|
| 200 |
1 |
|
|a Осветительные установки
|f Г. М. Кнорринг
|
| 210 |
|
|
|a Ленинград
|c Энергоиздат
|d 1981
|
| 215 |
|
|
|a 288 с.
|
| 610 |
1 |
|
|a электрическое освещение
|
| 610 |
1 |
|
|a установки осветительные
|
| 610 |
1 |
|
|a устройства
|
| 610 |
1 |
|
|a проектирование
|
| 610 |
1 |
|
|a эксплуатация
|
| 610 |
1 |
|
|a расчеты
|
| 675 |
|
|
|a 628.93
|v 3
|
| 700 |
|
1 |
|a Кнорринг
|b Г. М.
|g Глеб Михайлович
|
| 801 |
|
0 |
|a RU
|b 63413507
|c 20011210
|g PSBO
|
| 801 |
|
2 |
|a RU
|b 63413507
|c 20201028
|g PSBO
|
| 900 |
|
|
|a Основы электрического освещения
|
| 900 |
|
|
|a Основы электроосвещения
|
| 900 |
|
|
|a Проектирование осветительных установок
|
| 942 |
|
|
|c BK
|